Medicina homeopática doméstica ó Guía de las familias para que sus individuos puedan tratarse por sí mismos homeopáticamente... / (Record no. 155292)
[ view plain ]
| 000 -LEADER | |
|---|---|
| campo de control de longitud fija | 01032nam a22001935i 4500 |
| 001 - NÚMERO DE CONTROL | |
| campo de control | 155292 |
| 003 - IDENTIFICADOR DE NÚMERO DE CONTROL | |
| campo de control | ES-MaACL |
| 005 - FECHA Y HORA DE LA ÚLTIMA TRANSACCIÓN | |
| campo de control | 20230906210025.0 |
| 008 - DATOS DE LONGITUD FIJA--INFORMACIÓN GENERAL | |
| campo de control de longitud fija | 040720s1887 sp |||| | spa d |
| 040 ## - FUENTE DE CATALOGACIÓN | |
| Centro catalogador/agencia de origen | CAM |
| Lengua de catalogación | spa |
| Centro/agencia transcriptor | CAM |
| 100 1# - ENTRADA PRINCIPAL--NOMBRE DE PERSONA | |
| Nombre de persona | Hering, Constantin. |
| 9 (RLIN) | 127881 |
| 245 10 - MENCIÓN DEL TÍTULO | |
| Título | Medicina homeopática doméstica ó Guía de las familias para que sus individuos puedan tratarse por sí mismos homeopáticamente... / |
| Mención de responsabilidad, etc. | por C. Hering ; traducida al español, revisada, corregida, anotada y ... aumentada, especialmente en nociones de higiene, profilaxis y parte relativa á la América é islas Filipinas por Angel Alvarez de Araujo y Cuéllar. |
| 250 ## - MENCION DE EDICION | |
| Mención de edición | 10ª ed. española, tercera tirada... |
| 260 ## - PUBLICACIÓN, DISTRIBUCIÓN, ETC. | |
| Lugar de publicación, distribución, etc. | Madrid : |
| Nombre del editor, distribuidor, etc. | Librería Editorial de Carlos Bailly-Baillière, |
| Fecha de publicación, distribución, etc. | 1887. |
| 300 ## - DESCRIPCIÓN FÍSICA | |
| Extensión | CXXXVI, 579, 5 p. ; |
| Dimensiones | 18 cm. |
| 650 04 - PUNTO DE ACCESO ADICIONAL DE MATERIA--TÉRMINO DE MATERIA | |
| Término de materia o nombre geográfico como elemento de entrada | Homeopatía. |
| 9 (RLIN) | 13463 |
| 700 1# - ENTRADA AGREGADA--NOMBRE PERSONAL | |
| Nombre de persona | Alvarez de Araújo y Cuéllar, Angel. |
| 9 (RLIN) | 125637 |
| 852 ## - LOCALIZACIÓN | |
| Ubicación | ES-MaACL |
| Número de control de estantería | Z-33 |
| Nota libre | -- Enc. pasta española |
| -- | -- Legado de Modesto de la Fuente |
| Encuadernación | Olim: D-2124. |
| Estatus retirado | Estado de pérdida | Estado de daño | No para préstamo | Colección | Biblioteca de origen | Biblioteca actual | Ubicación en estantería | Fecha de adquisición | Total de préstamos | Signatura topográfica completa | Código de barras | Visto por última vez | Precio de reemplazo | Tipo de ítem Koha |
|---|---|---|---|---|---|---|---|---|---|---|---|---|---|---|
| Libros del s. XIX | Biblioteca del Ateneo de Madrid | Biblioteca del Ateneo de Madrid | Depósito | 17/01/2008 | Z-33 | 1162444 | 23/02/2023 | 23/02/2023 | Libro impreso antiguo |
